[Event "16. Offene Südharz-Meisterschaft"]
[Site "Mansfeld"]
[Date "2023.12.15"]
[Round "1.1"]
[White "Schuetze, Norman"]
[Black "Derling, Charlotte"]
[Result "1-0"]
[WhiteElo "2277"]
[BlackElo "1749"]
[PlyCount "41"]
[EventDate "2023.??.??"]

1. e4 c5 2. Nf3 Nc6 3. d4 cxd4 4. Nxd4 g6 5. c4 Bg7 6. Nc2 Nf6 7. Nc3 O-O 8.
Be2 b6 9. O-O Bb7 10. f3 Rc8 11. Bd2 d6 12. Rc1 Ne5 13. b3 a6 14. Qe1 Qc7 15.
Nd4 Nfd7 16. Be3 Nc5 17. Qd2 Rfe8 18. b4 Ncd7 19. Nd5 Bxd5 20. cxd5 Qb7 21. f4
1-0

[Event "16. Offene Südharz-Meisterschaft"]
[Site "Mansfeld"]
[Date "2023.12.15"]
[Round "1.2"]
[White "Nguyen, Jenny Ha-Linh"]
[Black "Ziegenfuss, Holger"]
[Result "0-1"]
[WhiteElo "1736"]
[BlackElo "2001"]
[PlyCount "68"]
[EventDate "2023.??.??"]

1. e4 e5 2. Nf3 Nc6 3. Bc4 Nf6 4. d3 Bc5 5. O-O d6 6. c3 Bg4 7. Nbd2 Bh5 8. Re1
h6 9. Nf1 g5 10. Ng3 Bg6 11. Be3 Bxe3 12. Rxe3 Qd7 13. d4 O-O 14. Bb5 exd4 15.
cxd4 a6 16. Bd3 Rfe8 17. Bc2 Rad8 18. Rc1 Re7 19. d5 Ne5 20. Nxe5 Rxe5 21. Qd4
Qe7 22. Qc4 Nxd5 23. Ree1 Nf4 24. Red1 c6 25. Kf1 h5 26. f3 h4 27. Nf5 Bxf5 28.
exf5 d5 29. Qb3 Re3 30. Qb6 Rxf3+ 31. Kg1 Re3 32. Kf1 Re8 33. Qa5 Re2 34. Bd3
Qe3 0-1

[Event "16. Offene Südharz-Meisterschaft"]
[Site "Mansfeld"]
[Date "2023.12.15"]
[Round "1.3"]
[White "Sedlmayr, David"]
[Black "Eckert, David"]
[Result "1-0"]
[WhiteElo "1989"]
[BlackElo "1731"]
[PlyCount "128"]
[EventDate "2023.??.??"]

1. e4 c6 2. d4 d5 3. Nc3 dxe4 4. Nxe4 Nd7 5. Bd3 Ngf6 6. c3 Nxe4 7. Bxe4 Nf6 8.
Bc2 Bg4 9. Ne2 Bh5 10. Bg5 e6 11. Qd2 Bg6 12. Bb3 Ne4 13. Bxd8 Nxd2 14. Bc7
Nxb3 15. axb3 Kd7 16. Bf4 Bd6 17. Be3 a6 18. h4 h5 19. f3 Bc2 20. b4 Bf5 21.
Kf2 Rae8 22. Rhd1 Kc7 23. Rd2 Ra8 24. Nc1 Rhd8 25. Nb3 Rd7 26. Na5 Re8 27. Nc4
f6 28. Ra5 Kd8 29. Nb6 Bc7 30. Nxd7 Bxa5 31. Nc5 Bb6 32. Nxb7+ Kc7 33. Na5 Bxa5
34. bxa5 Kd7 35. Bf4 Ra8 36. Ke3 Ra7 37. g4 hxg4 38. Rg2 g3 39. Bxg3 Ke8 40.
Bd6 Rb7 41. Bb4 Kf7 42. Rh2 Rb8 43. Kf4 Rh8 44. Kg3 Rh5 45. f4 g5 46. hxg5 Rxh2
47. Kxh2 fxg5 48. fxg5 Kg6 49. Be7 Bd3 50. Kg3 Kf5 51. Bf6 Bc2 52. Kf3 Bb1 53.
Ke3 Bc2 54. Kd2 Bb1 55. c4 Kg6 56. Kc3 Kf7 57. Kb4 Bd3 58. Kc5 Ke8 59. b3 Bc2
60. Kxc6 Bxb3 61. c5 Bc2 62. Kd6 Be4 63. c6 Bd5 64. c7 Bb7 1-0

[Event "16. Offene Südharz-Meisterschaft"]
[Site "Mansfeld"]
[Date "2023.12.15"]
[Round "1.4"]
[White "Reckner, Jens"]
[Black "Herter, Arne"]
[Result "1/2-1/2"]
[WhiteElo "1727"]
[BlackElo "1982"]
[PlyCount "107"]
[EventDate "2023.??.??"]

1. d4 Nf6 2. Bf4 g6 3. e3 Bg7 4. Be2 O-O 5. Nd2 d6 6. h4 Nbd7 7. h5 c5 8. c3
cxd4 9. exd4 e5 10. dxe5 dxe5 11. Bg5 Nc5 12. hxg6 hxg6 13. Ngf3 Nd3+ 14. Bxd3
Qxd3 15. Qe2 Qd5 16. Qc4 Qxc4 17. Nxc4 Ng4 18. Ne3 f6 19. Nxg4 Bxg4 20. Be3
Rfd8 21. Nh2 Be6 22. O-O b6 23. Rfd1 Kf7 24. Rxd8 Rxd8 25. a3 f5 26. Re1 Bf6
27. Nf1 g5 28. Bc1 b5 29. Nd2 g4 30. Kf1 Bg5 31. Ke2 a5 32. f3 Rh8 33. fxg4
fxg4 34. Ne4 Bc4+ 35. Kf2 Bh4+ 36. g3 Be7 37. Kg1 Ke6 38. b4 Kf5 39. Nf2 Bd5
40. Be3 Bf3 41. bxa5 Rc8 42. Ra1 Rxc3 43. Bd2 Rxa3 44. Rxa3 Bxa3 45. Nd3 Bd6
46. Kf2 e4 47. Ne1 Bd1 48. a6 Bb3 49. Ng2 Ke6 50. Ne3 Bc5 51. Ke2 Kd6 52. Nxg4
Bc4+ 53. Kd1 Kc6 54. Ne5+ 1/2-1/2

[Event "16. Offene Südharz-Meisterschaft"]
[Site "Mansfeld"]
[Date "2023.12.15"]
[Round "1.5"]
[White "Schulemann, Gero"]
[Black "Halas, Neele Zoe"]
[Result "1/2-1/2"]
[WhiteElo "1905"]
[BlackElo "1722"]
[PlyCount "82"]
[EventDate "2023.??.??"]

1. e4 e5 2. Bc4 Nf6 3. d3 Bc5 4. Nf3 Nc6 5. c3 O-O 6. O-O h6 7. a4 a5 8. Nbd2
Re8 9. Re1 d6 10. Nf1 Ne7 11. Qb3 Rf8 12. d4 exd4 13. cxd4 Bb4 14. Bd2 Bxd2 15.
N1xd2 d5 16. Bf1 dxe4 17. Nxe4 Nc6 18. Rad1 Nd5 19. Bc4 Ncb4 20. Nc5 b6 21. Nd3
Nxd3 22. Rxd3 Bb7 23. Re5 Nb4 24. Rd1 Nc6 25. Rd5 Qc8 26. Ne5 Nxe5 27. Rxe5 Qg4
28. f3 Qd7 29. d5 Qd6 30. Rde1 Rad8 31. Qb5 Rd7 32. Ba2 Rdd8 33. h3 Qd7 34. Qc4
Qd6 35. Kh1 Rd7 36. Qc2 Qf6 37. Rf5 Qg6 38. Bb1 Bxd5 39. Qc3 Qc6 40. Qd3 g6 41.
Rfe5 Bc4 1/2-1/2

[Event "16. Offene Südharz-Meisterschaft"]
[Site "Mansfeld"]
[Date "2023.12.15"]
[Round "1.6"]
[White "Loeffelholz, Christian"]
[Black "Schmidt, Alexander"]
[Result "0-1"]
[WhiteElo "1708"]
[BlackElo "1891"]
[PlyCount "150"]
[EventDate "2023.??.??"]

1. e4 c6 2. d4 d5 3. exd5 cxd5 4. Nf3 Nc6 5. c3 Bg4 6. Be2 e6 7. Bf4 Bd6 8. Bg3
Nge7 9. Nbd2 O-O 10. O-O Nf5 11. Bxd6 Nxd6 12. Ne5 Bf5 13. Nb3 Ne4 14. Nxc6
bxc6 15. f3 Nd6 16. Bd3 Qg5 17. f4 Qg6 18. Nc5 Bxd3 19. Nxd3 Qe4 20. Re1 Qf5
21. Re5 Qf6 22. Qc2 Ne4 23. Rf1 g6 24. Nf2 Nxf2 25. Rxf2 Rfc8 26. Qe2 c5 27.
dxc5 Rxc5 28. g4 Rb8 29. Re3 Rc4 30. f5 exf5 31. gxf5 Qg5+ 32. Rg3 Qc1+ 33. Kg2
Re4 34. Qf3 Rxb2 35. fxg6 Rxf2+ 36. Qxf2 hxg6 37. Rf3 Rg4+ 38. Rg3 Rxg3+ 39.
hxg3 Qxc3 40. Qxa7 Qe5 41. a4 d4 42. Qa8+ Kg7 43. Qf3 Qd6 44. a5 d3 45. Kf1 d2
46. Qd1 Qa6+ 47. Kf2 Qxa5 48. Ke2 Qh5+ 49. Kxd2 Qg5+ 50. Ke2 Qxg3 51. Qd4+ Kh7
52. Qf6 Qg4+ 53. Kd2 Qd7+ 54. Kc3 Qe6 55. Qh4+ Kg7 56. Kd3 Qe5 57. Qh1 g5 58.
Qh5 Qf5+ 59. Ke3 Qf4+ 60. Ke2 g4 61. Qh4 Qf3+ 62. Ke1 Kg6 63. Qh8 g3 64. Qg8+
Kh5 65. Qh7+ Kg4 66. Qg7+ Kh3 67. Qh6+ Kg2 68. Qa6 f5 69. Kd2 f4 70. Qa1 Qe3+
71. Kc2 f3 72. Qa8 Kf1 73. Qa1+ Qe1 74. Qh8 g2 75. Qh3 Kg1 0-1

[Event "16. Offene Südharz-Meisterschaft"]
[Site "Mansfeld"]
[Date "2023.12.15"]
[Round "1.7"]
[White "Noennig, Jakob"]
[Black "Zander, Luca"]
[Result "1-0"]
[WhiteElo "1879"]
[BlackElo "1702"]
[PlyCount "139"]
[EventDate "2023.??.??"]

1. e4 e6 2. d4 d5 3. Nd2 dxe4 4. Nxe4 Nf6 5. Bd3 Be7 6. Nf3 Nxe4 7. Bxe4 Nd7 8.
Qe2 Rb8 9. O-O b6 10. Bc6 O-O 11. Bf4 Nf6 12. c4 Bb7 13. Bxb7 Rxb7 14. Rfd1 Qe8
15. Rd2 b5 16. b3 bxc4 17. bxc4 c5 18. d5 exd5 19. cxd5 Nh5 20. d6 Nxf4 21. Qe4
Bf6 22. Qxb7 Bxa1 23. d7 Qd8 24. Qxa7 Ne6 25. h4 Bf6 26. a4 Qc7 27. Qa6 Rd8 28.
Qb5 Bd4 29. a5 Qxd7 30. Qc4 Qc7 31. a6 Qb6 32. Ra2 Ra8 33. Nxd4 cxd4 34. g3 Rd8
35. Rd2 Nc7 36. a7 Qxa7 37. Qc6 Ne6 38. Rd3 Qc7 39. Qb5 Qc5 40. Qa6 Qd5 41. Qb6
Qe4 42. Rd1 d3 43. Qb1 Qf3 44. Rd2 h6 45. Qe1 Ra8 46. Qe5 Ra1+ 47. Qxa1 Nc5 48.
Qd4 Qc6 49. Rd1 Qb5 50. Qc3 Qb6 51. Rc1 Ne4 52. Qc8+ Kh7 53. Qf5+ Qg6 54. Qxg6+
Kxg6 55. Rd1 Nc5 56. Kg2 Kf5 57. Kf3 g5 58. hxg5 hxg5 59. Ke3 Ke5 60. Ra1 f5
61. f4+ gxf4+ 62. gxf4+ Kd6 63. Ra8 Kd5 64. Rf8 Kc4 65. Rxf5 Nb3 66. Rf8 Nc5
67. Rd8 Ne6 68. Rxd3 Nxf4 69. Rd4+ Kc5 70. Rxf4 1-0

[Event "16. Offene Südharz-Meisterschaft"]
[Site "Mansfeld"]
[Date "2023.12.15"]
[Round "1.8"]
[White "Groebel, Henning"]
[Black "Neuber, Pascal"]
[Result "1-0"]
[WhiteElo "1680"]
[BlackElo "1878"]
[PlyCount "93"]
[EventDate "2023.??.??"]

1. e4 c5 2. Nc3 e6 3. Nf3 Nc6 4. g3 g6 5. Bg2 Bg7 6. O-O Nge7 7. d3 O-O 8. Ne2
d5 9. c3 d4 10. c4 e5 11. Ne1 f5 12. f4 fxe4 13. Bxe4 Bg4 14. Nf3 Qd7 15. fxe5
Nxe5 16. Nxe5 Bxe5 17. Bh6 Bg7 18. Bxg7 Kxg7 19. Qd2 Nf5 20. Nf4 Ne3 21. Rf2
Rf6 22. Nd5 Rxf2 23. Qxf2 Rf8 24. Qd2 Nxd5 25. Bxd5 Bf3 26. Bxf3 Rxf3 27. Rf1
Qc6 28. Qe2 Re3 29. Qf2 Qe8 30. Qf6+ Kg8 31. Rf3 Re1+ 32. Kg2 Re6 33. Qf4 Qe7
34. Rf2 Kg7 35. a3 Re3 36. Rf3 Rxd3 37. Rxd3 Qe2+ 38. Kh3 Qxd3 39. Qe5+ Kh6 40.
Qf4+ g5 41. Qf8+ Kg6 42. Qg8+ Kf6 43. Qf8+ Ke6 44. Qg8+ Kf6 45. Qf8+ Ke5 46.
Qe7+ Kf5 47. Qxh7+ 1-0

[Event "16. Offene Südharz-Meisterschaft"]
[Site "Mansfeld"]
[Date "2023.12.15"]
[Round "1.9"]
[White "Doerge, Sven"]
[Black "Hielscher, Ursula"]
[Result "1-0"]
[WhiteElo "1875"]
[BlackElo "1673"]
[PlyCount "47"]
[EventDate "2023.??.??"]

1. e4 e6 2. d4 d5 3. exd5 exd5 4. Be3 Nf6 5. Bd3 Be7 6. Nf3 O-O 7. h3 Nbd7 8.
Nbd2 c5 9. c3 Re8 10. O-O cxd4 11. cxd4 Bd6 12. Rc1 Nf8 13. Qb3 Qa5 14. a3 Bd7
15. Bg5 Ba4 16. Qa2 Ne4 17. b4 Qb6 18. Qxd5 Bc6 19. Qa2 Nxg5 20. Nxg5 Re7 21.
Bc4 Be8 22. Rfe1 Rxe1+ 23. Rxe1 Qc7 24. Rxe8 1-0

[Event "16. Offene Südharz-Meisterschaft"]
[Site "Mansfeld"]
[Date "2023.12.15"]
[Round "1.10"]
[White "Knuepfer, Johannes"]
[Black "Ziegenfuss, Larissa"]
[Result "0-1"]
[WhiteElo "1665"]
[BlackElo "1857"]
[PlyCount "68"]
[EventDate "2023.??.??"]

1. e4 c5 2. b3 e5 3. Bb2 d6 4. Nc3 Nf6 5. Be2 Be7 6. f4 Nc6 7. Nf3 O-O 8. d3 a6
9. O-O b5 10. Qd2 c4 11. dxc4 Qb6+ 12. Kh1 Ng4 13. cxb5 axb5 14. Bxb5 exf4 15.
Bxc6 Qxc6 16. Nd5 Re8 17. Nd4 Qb7 18. Qc3 Bf6 19. Nc7 Rxe4 20. Nxa8 Bxd4 21.
Qa5 Qe7 22. Bxd4 Rxd4 23. Rae1 Ne3 24. Qc3 Bb7 25. Rxe3 Qxe3 26. Re1 Bxg2+ 27.
Kxg2 Rd2+ 28. Qxd2 Qxd2+ 29. Kf1 g6 30. Re2 Qd5 31. Nc7 Qh1+ 32. Kf2 Qxh2+ 33.
Ke1 Qg1+ 34. Kd2 f3 0-1

[Event "16. Offene Südharz-Meisterschaft"]
[Site "Mansfeld"]
[Date "2023.12.16"]
[Round "2.1"]
[White "Doerge, Sven"]
[Black "Schuetze, Norman"]
[Result "0-1"]
[WhiteElo "1875"]
[BlackElo "2277"]
[PlyCount "66"]
[EventDate "2023.??.??"]

1. e4 c5 2. Nf3 d6 3. Bc4 e6 4. c3 Nf6 5. d3 Be7 6. O-O O-O 7. Nbd2 Qc7 8. Re1
Nc6 9. a4 b6 10. Nf1 Bb7 11. Bf4 Rad8 12. Rc1 Qb8 13. Ba2 Qa8 14. Ng3 Rfe8 15.
Qc2 h6 16. h3 Bf8 17. Nh2 Bc8 18. Rcd1 Qb7 19. Bc1 e5 20. f4 d5 21. f5 Na5 22.
Ng4 Nxg4 23. hxg4 dxe4 24. Nxe4 Qc6 25. Rf1 c4 26. dxc4 Nxc4 27. Rxd8 Rxd8 28.
g5 Bb7 29. Re1 hxg5 30. Bxg5 Rd7 31. f6 Nd6 32. Ng3 e4 33. Nh5 Qc5+ 0-1

[Event "16. Offene Südharz-Meisterschaft"]
[Site "Mansfeld"]
[Date "2023.12.16"]
[Round "2.2"]
[White "Ziegenfuss, Holger"]
[Black "Poetzsch, Reiko"]
[Result "1/2-1/2"]
[WhiteElo "2001"]
[BlackElo "1841"]
[PlyCount "114"]
[EventDate "2023.??.??"]

1. e4 e5 2. Nc3 Bc5 3. Bc4 Nc6 4. d3 d6 5. Na4 Bb6 6. Nxb6 axb6 7. a3 h6 8. Nf3
Nf6 9. h3 O-O 10. O-O Be6 11. Ba2 Qd7 12. Re1 Rfe8 13. Bb1 Qd8 14. c3 Ne7 15.
d4 Ng6 16. dxe5 dxe5 17. Qxd8 Raxd8 18. Bc2 Bc4 19. Nd2 Bd3 20. Bxd3 Rxd3 21.
f3 Red8 22. Nc4 Nd7 23. Be3 Nb8 24. Kf2 f6 25. g3 Nc6 26. Ke2 Kf7 27. Red1 Rxd1
28. Rxd1 Rxd1 29. Kxd1 Nf8 30. a4 Ne6 31. b4 Ng5 32. Bxg5 hxg5 33. Kd2 Ke6 34.
Kd3 g6 35. Na3 Nd8 36. Nb5 Kd7 37. Na3 Ne6 38. Nc4 Ng7 39. Ke2 Nh5 40. Kf2 Ng7
41. Ne3 c6 42. Nc4 Kc7 43. Ne3 Ne8 44. Ke2 Ng7 45. Ng4 Nh5 46. Kf2 Kd7 47. Ne3
Ng7 48. b5 Ne6 49. Nc4 Kc7 50. a5 bxa5 51. b6+ Kd7 52. Nxa5 Nc5 53. Ke3 Kc8 54.
Nc4 Kd7 55. Na5 Kc8 56. Nc4 Kd7 57. Na5 Kc8 1/2-1/2

[Event "16. Offene Südharz-Meisterschaft"]
[Site "Mansfeld"]
[Date "2023.12.16"]
[Round "2.3"]
[White "Ziegenfuss, Larissa"]
[Black "Sedlmayr, David"]
[Result "0-1"]
[WhiteElo "1857"]
[BlackElo "1989"]
[PlyCount "128"]
[EventDate "2023.??.??"]

1. e4 c5 2. Nf3 Nc6 3. d4 cxd4 4. Nxd4 e5 5. Nb5 d6 6. Bd3 a6 7. N5c3 Nf6 8.
Bg5 h6 9. Bxf6 Qxf6 10. Nd5 Qd8 11. O-O g6 12. Nbc3 Bg7 13. Qd2 O-O 14. a3 Be6
15. Bc4 Nd4 16. a4 Rc8 17. Bd3 Kh7 18. f3 h5 19. a5 Bh6 20. Qf2 Qg5 21. f4 Qd8
22. fxe5 dxe5 23. Nf6+ Kh8 24. Ncd5 Qd6 25. Nb6 Rc6 26. Rad1 Qc7 27. Nfd5 Qd8
28. c3 Nb3 29. Bc2 Nxa5 30. Ba4 Rd6 31. b4 Bxd5 32. exd5 Rxb6 33. bxa5 Rd6 34.
Qc5 f5 35. c4 Rf7 36. Qb4 Rc7 37. Bb3 Be3+ 38. Kh1 Kh7 39. Qc3 Bd4 40. Rxd4
exd4 41. Qxd4 Qf6 42. Qf2 Qc3 43. Qf4 Rdd7 44. Ba2 Qxa5 45. Bb1 Qb6 46. Qh4 Rf7
47. Qd8 Qc5 48. Bd3 Qe7 49. Qxe7 Rcxe7 50. d6 Re3 51. Rd1 b6 52. Kg1 Rd7 53. c5
bxc5 54. Bxa6 Re6 55. Kf2 Rexd6 56. Rxd6 Rxd6 57. Be2 Kh6 58. Kf3 Kg5 59. g3 h4
60. Bc4 Rd4 61. Be2 hxg3 62. hxg3 Kf6 63. Bf1 Ke5 64. Ke3 c4 0-1

[Event "16. Offene Südharz-Meisterschaft"]
[Site "Mansfeld"]
[Date "2023.12.16"]
[Round "2.4"]
[White "Schmidt, Alexander"]
[Black "Petzold, Johannes Julius"]
[Result "0-1"]
[WhiteElo "1891"]
[BlackElo "1809"]
[PlyCount "102"]
[EventDate "2023.??.??"]

1. Nf3 Nf6 2. g3 g6 3. Bg2 Bg7 4. d3 O-O 5. e4 d6 6. O-O c5 7. Nbd2 Nc6 8. a4
e6 9. Re1 Qc7 10. c3 Nd7 11. Nc4 Nde5 12. Ncxe5 dxe5 13. Be3 b6 14. Qe2 Ba6 15.
Red1 Rfd8 16. Ne1 Rd7 17. Rd2 Rad8 18. Bh3 Na5 19. Bg5 Nb3 20. Bxd8 Qxd8 21.
Rad1 Nxd2 22. Qxd2 c4 23. Bf1 f5 24. Qe3 Bf6 25. Be2 Kg7 26. Qf3 Bb7 27. dxc4
Rxd1 28. Bxd1 Bxe4 29. Qe2 Qd7 30. b3 Bc6 31. Qc2 e4 32. Be2 e5 33. Ng2 Bg5 34.
Ne3 Kf6 35. Qd1 Qxd1+ 36. Bxd1 Ke6 37. h4 Bh6 38. Kf1 f4 39. Bg4+ Kd6 40. gxf4
exf4 41. Nc2 f3 42. Nd4 Bd2 43. Nxc6 Kxc6 44. Be6 Kd6 45. Bd5 Ke5 46. Bg8 h6
47. Kg1 Bxc3 48. Kh2 Kf4 49. Bh7 g5 50. hxg5 hxg5 51. Kg1 g4 0-1

[Event "16. Offene Südharz-Meisterschaft"]
[Site "Mansfeld"]
[Date "2023.12.16"]
[Round "2.5"]
[White "Lehmann, Taylor"]
[Black "Noennig, Jakob"]
[Result "1-0"]
[WhiteElo "1839"]
[BlackElo "1879"]
[PlyCount "120"]
[EventDate "2023.??.??"]

1. Nf3 d5 2. g3 Nc6 3. Bg2 e5 4. d3 Nf6 5. O-O Be6 6. c3 Qd7 7. Re1 O-O-O 8. b4
Bd6 9. a4 Bh3 10. b5 Ne7 11. Bh1 h5 12. Ng5 Ng6 13. Ba3 h4 14. Bxd6 cxd6 15.
Nd2 hxg3 16. hxg3 Rh6 17. f3 Nh5 18. Kf2 Qf5 19. Nxh3 Qxh3 20. Rg1 Ngf4 21. Nf1
Rg6 22. Bg2 Nxg2 23. Rxg2 Kb8 24. Rh2 Qf5 25. e4 Qg5 26. f4 exf4 27. Rxh5 fxg3+
28. Kg2 Qf6 29. Qf3 Qxf3+ 30. Kxf3 g2 31. Ng3 dxe4+ 32. Kxg2 Rc8 33. Rc1 exd3
34. Rd5 Rc4 35. a5 Ra4 36. Rxd3 Rxa5 37. c4 a6 38. b6 Kc8 39. Kf3 Kd7 40. c5
Rf6+ 41. Ke3 Re6+ 42. Kd2 Ra2+ 43. Kd1 Rg2 44. Rcc3 Rb2 45. Nf5 Rf6 46. Rxd6+
Rxd6+ 47. Nxd6 Kc6 48. Nxf7 Kd7 49. Kc1 Re2 50. Nd6 Kc6 51. Nf5 Rg2 52. Nd4+
Kd7 53. c6+ Kc8 54. Nb3 Rg6 55. Na5 bxc6 56. b7+ Kc7 57. Re3 Rg1+ 58. Kc2 Rg2+
59. Kc3 Rg5 60. Re7+ Kb8 1-0

[Event "16. Offene Südharz-Meisterschaft"]
[Site "Mansfeld"]
[Date "2023.12.16"]
[Round "2.6"]
[White "Herter, Arne"]
[Black "Groebel, Henning"]
[Result "0-1"]
[WhiteElo "1982"]
[BlackElo "1680"]
[PlyCount "90"]
[EventDate "2023.??.??"]

1. e4 d6 2. d4 Nf6 3. Nc3 g6 4. Be3 Bg7 5. Qd2 Ng4 6. Bg5 h6 7. Bh4 O-O 8.
O-O-O c6 9. f3 Nf6 10. g4 Qa5 11. Bc4 b5 12. Bb3 b4 13. Nb1 Nbd7 14. g5 hxg5
15. Bxg5 c5 16. Bh6 Ba6 17. Bxg7 Kxg7 18. dxc5 dxc5 19. Qg5 Qc7 20. Bd5 Rac8
21. a3 c4 22. axb4 e6 23. b5 Bxb5 24. Bxe6 Nc5 25. Bxc8 Rxc8 26. Ne2 Ba4 27.
Nec3 Bxc2 28. Kxc2 Qb6 29. Rd2 Nd3 30. Rxd3 cxd3+ 31. Kc1 Nd7 32. Rd1 Nc5 33.
Qe5+ Kg8 34. Na3 Na4 35. Qb5 Nxc3 36. bxc3 Rxc3+ 37. Kb2 Qd4 38. Ka2 d2 39. Qb2
Qd3 40. f4 Rxa3+ 41. Qxa3 Qc2+ 42. Qb2 Qxd1 43. Qb8+ Kh7 44. Qc7 Qa4+ 45. Kb2
Qd4+ 0-1

[Event "16. Offene Südharz-Meisterschaft"]
[Site "Mansfeld"]
[Date "2023.12.16"]
[Round "2.7"]
[White "Halas, Neele Zoe"]
[Black "Reckner, Jens"]
[Result "1/2-1/2"]
[WhiteElo "1722"]
[BlackElo "1727"]
[PlyCount "48"]
[EventDate "2023.??.??"]

1. e4 e6 2. d4 d5 3. exd5 exd5 4. Bd3 Nf6 5. Bf4 Bd6 6. Bxd6 Qxd6 7. Nf3 O-O 8.
O-O Bg4 9. Nbd2 Nbd7 10. h3 Bh5 11. c3 c6 12. Qc2 Bg6 13. Bxg6 hxg6 14. Rfe1
Rae8 15. Kf1 Rxe1+ 16. Rxe1 Re8 17. Rxe8+ Nxe8 18. Qb3 Qc7 19. Qa3 a6 20. Qe7
Ndf6 21. Qe5 Qd8 22. Nb3 Nd7 23. Qe3 Nd6 24. Nc1 Kf8 1/2-1/2

[Event "16. Offene Südharz-Meisterschaft"]
[Site "Mansfeld"]
[Date "2023.12.16"]
[Round "2.8"]
[White "Eckert, David"]
[Black "Schulemann, Gero"]
[Result "0-1"]
[WhiteElo "1731"]
[BlackElo "1905"]
[PlyCount "62"]
[EventDate "2023.??.??"]

1. e4 c5 2. c3 g6 3. d4 cxd4 4. cxd4 d5 5. e5 Nc6 6. Bb5 Nh6 7. Ne2 a6 8. Ba4
b5 9. Bb3 Be6 10. Nbc3 Nf5 11. O-O Bg7 12. Be3 Na5 13. Nf4 Nc4 14. Nxe6 fxe6
15. Qe2 O-O 16. Rad1 Rc8 17. a3 Qa5 18. Na2 Qb6 19. Rb1 Nxd4 20. Bxd4 Qxd4 21.
Bxc4 Rxc4 22. Rfe1 Rf5 23. b3 Rc7 24. Rbd1 Rxe5 25. Qxe5 Qxe5 26. Rxe5 Bxe5 27.
Nb4 a5 28. Nd3 Bd6 29. a4 bxa4 30. bxa4 Rc4 31. Ra1 Rd4 0-1

[Event "16. Offene Südharz-Meisterschaft"]
[Site "Mansfeld"]
[Date "2023.12.16"]
[Round "2.9"]
[White "Shevchenko, Igor"]
[Black "Ziegenfuss, Antonia"]
[Result "0-1"]
[WhiteElo "1640"]
[BlackElo "2184"]
[PlyCount "104"]
[EventDate "2023.??.??"]

1. d4 d5 2. c4 e6 3. Nc3 Nf6 4. cxd5 exd5 5. Bg5 c6 6. e3 Be6 7. Bd3 h6 8. Bh4
Nbd7 9. Nge2 g5 10. Bg3 Nh5 11. Qc2 Nxg3 12. Nxg3 h5 13. O-O-O h4 14. Nf5 Qa5
15. Kb1 O-O-O 16. g4 Kb8 17. h3 Rc8 18. e4 dxe4 19. Bxe4 Nf6 20. f3 Ka8 21. Qd2
Bb4 22. a3 Bxc3 23. Qxc3 Qxc3 24. bxc3 Nd5 25. Bxd5 Bxd5 26. Rhf1 Rce8 27. Rd2
Rhg8 28. Kc2 b5 29. f4 Be4+ 30. Kb3 Bxf5 31. gxf5 g4 32. hxg4 Rxg4 33. Rf3 Kb7
34. d5 c5 35. f6 Kc7 36. a4 bxa4+ 37. Kxa4 Re4+ 38. Kb5 Kd6 39. c4 a6+ 40. Kxa6
Rxc4 41. Rb3 Ra4+ 42. Kb7 Rb4+ 43. Rxb4 cxb4 44. f5 b3 45. Kc8 Rb4 46. Rb2 h3
47. Re2 b2 48. Re6+ fxe6 49. f7 Ke7 50. d6+ Kxf7 51. d7 Rc4+ 52. Kd8 b1=Q 0-1

[Event "16. Offene Südharz-Meisterschaft"]
[Site "Mansfeld"]
[Date "2023.12.16"]
[Round "2.10"]
[White "Neuber, Pascal"]
[Black "Steudner, Reinhold"]
[Result "1-0"]
[WhiteElo "1878"]
[BlackElo "1637"]
[PlyCount "135"]
[EventDate "2023.??.??"]

1. e4 d6 2. d4 Nf6 3. Nc3 g6 4. Bg5 Bg7 5. Qd2 O-O 6. Bh6 Bxh6 7. Qxh6 Ng4 8.
Qd2 Nc6 9. h4 e5 10. d5 Ne7 11. f3 Nf6 12. g4 h5 13. Qg5 Kg7 14. Bh3 Rh8 15.
Nge2 Bd7 16. O-O-O b5 17. Ng3 b4 18. Nce2 a5 19. Nf5+ Nxf5 20. gxf5 Nh7 21. Qg3
g5 22. Rdg1 f6 23. hxg5 Nxg5 24. f4 exf4 25. Nxf4 Kf7 26. Bg2 Rg8 27. Rxh5 Rg7
28. Ng6 Qg8 29. Rh8 Qxh8 30. Nxh8+ Rxh8 31. Qe3 Re8 32. Qd4 Rh7 33. Rh1 Rxh1+
34. Bxh1 Rh8 35. Bg2 Rh2 36. Qg1 Rh4 37. Qe1 Rh2 38. Qg3 Rh7 39. b3 Rh8 40. Kb2
a4 41. a3 bxa3+ 42. Kxa3 Ra8 43. Kb2 Rd8 44. Qh4 Rg8 45. Qh5+ Ke7 46. Bf1 axb3
47. cxb3 Be8 48. Qh6 Nf7 49. Qe3 Ne5 50. Qa7 Kd8 51. Qb8+ Ke7 52. Qxc7+ Bd7 53.
b4 Rc8 54. Qa7 Rh8 55. b5 Rh1 56. Qf2 Ng4 57. Qf3 Rh2+ 58. Kb3 Ne5 59. Qc3 Rf2
60. Qc1 Rf3+ 61. Ka4 Rg3 62. Ka5 Rg8 63. b6 Ra8+ 64. Ba6 Bc8 65. b7 Rxa6+ 66.
Kxa6 Bxb7+ 67. Kxb7 Nd7 68. Qc7 1-0

[Event "16. Offene Südharz-Meisterschaft"]
[Site "Mansfeld"]
[Date "2023.12.16"]
[Round "3.1"]
[White "Schuetze, Norman"]
[Black "Diehn, Johannes"]
[Result "1-0"]
[WhiteElo "2277"]
[BlackElo "1576"]
[PlyCount "73"]
[EventDate "2023.??.??"]

1. e4 d6 2. d4 g6 3. Nc3 Nf6 4. f4 Bg7 5. Nf3 O-O 6. e5 dxe5 7. dxe5 Qxd1+ 8.
Kxd1 Rd8+ 9. Ke1 Nd5 10. Nxd5 Rxd5 11. Bc4 Rd8 12. Ng5 Rf8 13. Be3 Bf5 14. c3
h6 15. Nf3 Be4 16. Kf2 Nd7 17. Rhd1 Rfd8 18. Rd4 Nc5 19. Rad1 Rxd4 20. Rxd4 Bf5
21. Nh4 Be6 22. Nf3 Kf8 23. b4 Bxc4 24. Rxc4 Ne6 25. b5 a6 26. Ra4 g5 27. f5
Nd8 28. g4 Ke8 29. Kg3 c6 30. b6 Kd7 31. Rd4+ Ke8 32. Rc4 Kd7 33. h4 f6 34. e6+
Kd6 35. Rc5 Rc8 36. Nd2 Ra8 37. Nc4# 1-0

[Event "16. Offene Südharz-Meisterschaft"]
[Site "Mansfeld"]
[Date "2023.12.16"]
[Round "3.2"]
[White "Sedlmayr, David"]
[Black "Ziem, Ole"]
[Result "1-0"]
[WhiteElo "1989"]
[BlackElo "1498"]
[PlyCount "49"]
[EventDate "2023.??.??"]

1. e4 e5 2. Nf3 Nc6 3. Bc4 Nf6 4. d3 Bc5 5. O-O O-O 6. c3 d6 7. Bb3 Bg4 8. h3
Bh5 9. Nbd2 a6 10. Re1 Ba7 11. Nf1 Qd7 12. Bg5 Qe7 13. Ne3 Bxe3 14. fxe3 Na5
15. Bc2 c5 16. Rf1 c4 17. d4 Rad8 18. Qe1 Bxf3 19. Rxf3 Rfe8 20. Qh4 Rd7 21.
Rxf6 gxf6 22. Bh6 Kh8 23. Rf1 f5 24. Bg5 Qe6 25. Bf6+ 1-0

[Event "16. Offene Südharz-Meisterschaft"]
[Site "Mansfeld"]
[Date "2023.12.16"]
[Round "3.3"]
[White "Pflug, Anton"]
[Black "Lehmann, Taylor"]
[Result "0-1"]
[WhiteElo "1505"]
[BlackElo "1839"]
[PlyCount "72"]
[EventDate "2023.??.??"]

1. e4 d5 2. exd5 Nf6 3. d4 Nxd5 4. c3 g6 5. Bd3 Bg7 6. Ne2 c6 7. Nf4 Qc7 8. Qf3
Nf6 9. h3 Nbd7 10. O-O O-O 11. Re1 Re8 12. d5 Ne5 13. Qg3 Nxd3 14. Qxd3 Rd8 15.
c4 Bf5 16. Qa3 cxd5 17. cxd5 Nxd5 18. Nxd5 Rxd5 19. Be3 Rd3 20. Qb4 a5 21. Qb5
Qd7 22. Qxd7 Bxd7 23. Nd2 Bxb2 24. Rab1 Bc3 25. Re2 Bxd2 26. Bxd2 b5 27. Bf4 e6
28. Rc2 Rd5 29. Rbc1 b4 30. Bh6 Ba4 31. Rc7 b3 32. axb3 Bxb3 33. R1c3 a4 34.
Ra7 Rdd8 35. Rac7 Bd5 36. Bc1 Rab8 0-1

[Event "16. Offene Südharz-Meisterschaft"]
[Site "Mansfeld"]
[Date "2023.12.16"]
[Round "3.4"]
[White "Petzold, Johannes Julius"]
[Black "Martemyanov, Mikhail"]
[Result "0-1"]
[WhiteElo "1809"]
[BlackElo "1257"]
[PlyCount "134"]
[EventDate "2023.??.??"]

1. e4 c5 2. Nf3 e6 3. d4 cxd4 4. Nxd4 a6 5. Nc3 b5 6. Be3 Bb7 7. f3 d6 8. Qd2
Be7 9. O-O-O Qc7 10. Ncxb5 axb5 11. Nxb5 Qd8 12. Nxd6+ Bxd6 13. Qxd6 Qxd6 14.
Rxd6 Ne7 15. Bc5 Ba6 16. c4 Nd7 17. Be3 Ne5 18. b3 O-O 19. Be2 Rfc8 20. Rhd1 h6
21. Kb2 Kh7 22. f4 Nxc4+ 23. bxc4 Bxc4 24. Bxc4 Rxc4 25. R6d4 Rb8+ 26. Ka1 Rc2
27. R4d2 Rc4 28. Rd7 Nc6 29. Rc7 Rxe4 30. Rxc6 Rxe3 31. Rb1 Rd8 32. Rc2 Rd4 33.
g3 g5 34. fxg5 hxg5 35. Rb3 Re1+ 36. Kb2 f5 37. Kc3 Ree4 38. Rd2 Rc4+ 39. Kb2
Kg6 40. Rb8 f4 41. Rf2 Kf5 42. Rf8+ Kg4 43. gxf4 gxf4 44. Rg8+ Kf5 45. h4 Re3
46. Rg5+ Ke4 47. Rg4 e5 48. h5 Rg3 49. Rh4 Ke3 50. Rfh2 Rc7 51. h6 Rh7 52. Rc2
Rg6 53. Rh3+ Ke4 54. Re2+ Kd5 55. Rh5 Re6 56. Rd2+ Ke4 57. Re2+ Kd4 58. Kc2
Rhxh6 59. Rd2+ Ke3 60. Rd3+ Ke4 61. Rxh6 Rxh6 62. Rd2 f3 63. a4 Ra6 64. Rh2 Ke3
65. Rh5 e4 66. Kd1 Rxa4 67. Ke1 Ra1# 0-1